| Tag |
First Indicator |
Second Indicator |
Subfields |
| LEADER |
00000cam a2200000 a 4500 |
| 001 |
in00004481421 |
| 005 |
20191202143718.0 |
| 008 |
921221s1993 nyua b 001 0 eng c |
| 010 |
|
|
|a 92048388
|
| 019 |
|
|
|a 27228008
|
| 020 |
|
|
|a 0079093507 (set)
|
| 020 |
|
|
|a 0070212074 (v. 1)
|
| 020 |
|
|
|a 0070212082 (v. 2)
|
| 020 |
|
|
|z 0070909357 (set) :
|
| 035 |
|
|
|a (OCoLC)27187778
|
| 035 |
|
|
|9 AAF8456MS
|
| 035 |
|
|
|z (UtOrBLW)18191
|
| 035 |
|
|
|a 30223
|
| 040 |
|
|
|a DNLM/DLC
|c DLC
|d NLM
|d TMV
|d UtOrBLW
|
| 049 |
|
|
|a TMVM
|c 1
|v 1
|v 2
|
| 050 |
0 |
0 |
|a RL71
|b .D46 1993
|
| 060 |
0 |
0 |
|a WR 100
|b D4383 1993
|
| 069 |
0 |
|
|a 9300425
|
| 082 |
0 |
0 |
|a 616.5
|2 20
|
| 096 |
|
|
|a WR 100
|b D44 1993
|
| 245 |
0 |
0 |
|a Dermatology in general medicine /
|c editors, Thomas B. Fitzpatrick [and others].
|
| 250 |
|
|
|a Fourth edition.
|
| 264 |
|
1 |
|a New York :
|b McGraw-Hill,
|c [1993]
|
| 264 |
|
4 |
|c ©1993
|
| 300 |
|
|
|a 2 volumes (xxx, 2979, 110 pages) :
|b illustrations (some color) ;
|c 29 cm.
|
| 336 |
|
|
|a text
|2 rdacontent
|b txt
|
| 337 |
|
|
|a unmediated
|2 rdamedia
|
| 338 |
|
|
|a volume
|2 rdacarrier
|b nc
|
| 504 |
|
|
|a Includes bibliographical references and index.
|
| 505 |
0 |
|
|a Introduction -- General considerations -- Clinical-pathologic correlations of skin lesions: approach to diagnosis -- Biology and pathophysiology of skin -- Structure and development of skin -- Biology and function of epidermis and appendages -- Biology of dermal cells and extracellular matrix -- Biology and physiology of blood vessels and of nerves -- Cellular and molecular biology of inflammation -- Disorders presenting in the skin and mucous membranes -- Disorders presenting in the skin and mucous membranes -- Epidermis: disorders of cell kinetics and differentiation -- Epidermis: disorders of epidermal cohesion: vesicular and bullous disorders -- Disorders of epidermal appendages and related disorders -- Epidermal and appendageal tumors -- Disorders of melanocytes -- Epidermal-dermal inflammatory conditions of unknown etiology -- Inflammatory and neoplastic disorders of the dermis -- Lymphomas, pseudolymphomas, and related conditions -- Disorders of subcutaneous tissue -- Disorders of the mucocutaneous integument -- Cutaneous changes in disorders of altered reactivity -- Eczematous dermatitis.
|
| 505 |
0 |
|
|a (cont) Disorders due to physical factors -- Skin changes related to mobility -- Photomedicine -- Disorders due to drugs and chemical agents -- Dermatology and internal medicine -- Cutaneous lesions in nutritional, metabolic, and heritable disorders -- Cutaneous manifestations of hematologic disorders -- Cutaneous manifestations of gastrointestinal and renal disorders -- Cutaneous manifestations of disorders of the cardiovascular and pulmonary systems -- Cutaneous manifestations of alterations and disorders of the endocrine system -- Cutaneous manifestations of multisystem diseases -- Cutaneous manifestations of disease in other organ systems -- Diseases due to microbial agents -- Bacterial diseases with cutaneous involvement -- Fungal diseases with cutaneous involvement -- Rickettsial diseases -- Viral diseases -- Sexually transmitted diseases -- Infestations -- Bites and stings -- Therapeutics -- Topical modalities -- Systemic therapy -- Surgery in dermatology -- Pediatric and geriatric dermatology.
|
| 650 |
|
2 |
|a Skin Diseases.
|
| 650 |
|
2 |
|a Skin Manifestations.
|
| 700 |
1 |
|
|a Fitzpatrick, Thomas B.
|q (Thomas Bernard),
|d 1919-2003.
|
| 948 |
|
|
|a AE evaluation: Retain per selector (bt); 08/00/hg
|
| 948 |
|
|
|a Retain per EC; 2002 evaluation; nb, 09/02/2002.
|
| 999 |
|
|
|a MARS
|
| 999 |
f |
f |
|s 5abd1299-6c14-363a-b640-a4b4fa0f9d49
|i 287fc7e6-e4c1-3bd9-8f0f-4cea6ce6c3c6
|t 0
|
| 952 |
f |
f |
|p ric
|a Texas A&M University
|b Rellis Campus
|c Joint Library Facility
|d Remote Storage
|t 0
|e WR 100 D44 1993
|h National Library of Medicine classification
|i unmediated -- volume
|k v.2
|m 323890103013X
|
| 952 |
f |
f |
|p ric
|a Texas A&M University
|b Rellis Campus
|c Joint Library Facility
|d Remote Storage
|t 0
|e WR 100 D44 1993
|h National Library of Medicine classification
|i unmediated -- volume
|k v.1
|m 3238901039511
|
| 998 |
f |
f |
|a WR 100 D44 1993
|s v.1-v.2
|t 0
|l Remote Storage
|